| 000 | 01490cam a2200409 a 4500 | ||
|---|---|---|---|
| 001 | 3632470 | ||
| 003 | OSt | ||
| 005 | 20140310184318.0 | ||
| 008 | 051026s2006 mau c 000 f eng | ||
| 010 | _a 2005030849 | ||
| 020 | _a0618685502 (hardcover) | ||
| 020 | _a9780618685509 | ||
| 035 | _a(CaONFJC)4933445 | ||
| 035 | _a(DLC) 2005030849 | ||
| 040 |
_aDLC _cDLC _dIG# _dBAKER _dIH9 _dTEF _dDLC _dCaONFJC _dUtOrBLW |
||
| 042 | _alcac | ||
| 050 | 0 | 0 |
_aPZ 7 _b.L9673Gos 2006 |
| 100 | 1 |
_aLowry, Lois. _93746 |
|
| 245 | 1 | 0 |
_aGossamer / _cLois Lowry. |
| 260 |
_aNew York, NY : _bHoughton Mifflin Company, _cc2006. |
||
| 300 |
_a140 p. ; _c22 cm. |
||
| 500 | _a"Walter Lorraine books." | ||
| 520 | _aWhile learning to bestow dreams, a young dream giver tries to save an eight-year-old boy from the effects of both his abusive past and the nightmares inflicted on him by the frightening Sinisteeds. | ||
| 521 | _aG4 | ||
| 526 | _c660 | ||
| 541 | _j1 | ||
| 562 | _e1 | ||
| 650 | 0 |
_aDreams _vFiction. _923521 |
|
| 650 | 0 |
_aNightmares _vFiction. _923522 |
|
| 650 | 0 |
_aFoster home care _vFiction. _923523 |
|
| 650 | 0 |
_aChild abuse _vFiction. _923524 |
|
| 856 | 4 | 2 |
_3Publisher description _uhttp://www.loc.gov/catdir/enhancements/fy0623/2005030849-d |
| 856 | 4 | 1 |
_3Sample text _uhttp://www.loc.gov/catdir/enhancements/fy0661/2005030849-s.html |
| 942 |
_2lcc _cBK-SCHOLAS |
||
| 949 |
_aFirm _o77092 _p39424053498116 _r4933445 |
||
| 949 |
_b1329048-35 _c16.00 _d1 _jUSD _lel _r4933445 |
||
| 999 |
_c33581 _d33581 |
||